[Event "AUT-chT2O 1415"]
[Site "Austria"]
[Date "2015.02.22"]
[Round "9.3"]
[White "Stangler, Peter"]
[Black "Gajic, Zoran2222"]
[Result "0-1"]
[WhiteElo "2022"]
[BlackElo "2106"]
[PlyCount "136"]
[EventDate "2014.10.18"]
[EventType "team-tourn"]
[EventRounds "11"]
[EventCountry "AUT"]
[SourceTitle "EXT 2016"]
[Source "ChessBase"]
[SourceDate "2015.10.08"]
[SourceVersion "1"]
[SourceVersionDate "2015.10.08"]
[SourceQuality "1"]
[WhiteTeam "Baden Invest"]
[BlackTeam "Stockerau"]
[WhiteTeamCountry "AUT"]
[BlackTeamCountry "AUT"]

1. d4 Nf6 2. Bg5 Ne4 3. Bf4 d5 4. f3 Nf6 5. Nc3 c5 6. e4 cxd4 7. Qxd4 Nc6 8. Bb5 Bd7 9. Bxc6 Bxc6 10. exd5 Nxd5 11. Nxd5 Qxd5 12. Qxd5 Bxd5 13. 0-0-0 e6 14. Kb1 Be7 15. Ne2 Bf6 16. Rd2 0-0 17. Rhd1 Rac8 18. Be3 b6 19. Nf4 Bc6 20. Nd3 Rfe8 21. Nb4 Bb5 22. f4 Be7 23. Nd3 f6 24. b3 Bc6 25. Bd4 Red8 26. Bb2 Kf7 27. Re2 Bd6 28. Rde1 Re8 29. g3 Rcd8 30. Re3 g6 31. g4 Bb5 32. c4 Bc6 33. Rg3 h5 34. g5 f5 35. Ne5+ Bxe5 36. Bxe5 Rd2 37. b4 Be4+ 38. Ka1 Rc2 39. Rd1 Rxc4 40. Ra3 Re7 41. Rc3 Rxc3 42. Bxc3 Ke8 43. Kb2 Rd7 44. Rxd7 Kxd7 45. Bd4 Kc6 46. a4 Kd5 47. Kc3 Bf3 48. a5 Ke4 49. axb6 axb6 50. Be5 Be2 51. Bc7 b5 52. Bd6 Ke3 53. Bc7 h4 54. Bd6 Bc4 55. Bc7 Kf3 56. Kd4 Kg2 57. Ke3 Kxh2 58. Kf2 Kh3 59. Bb6 Kg4 60. Be3 e5 61. fxe5 f4 62. Bc5 Kxg5 63. Be7+ Kg4 64. Bc5 Bd5 65. Kg1 g5 66. Bd4 Kh5 67. Bc5 g4 68. Bd4 g3 0-1

[Event "Niederoesterreich Landesliga 1213"]
[Site "Austria"]
[Date "2013.03.17"]
[Round "7.4"]
[White "Batyte, Daiva"]
[Black "Stangler, Peter"]
[Result "1/2-1/2"]
[WhiteElo "2092"]
[BlackElo "1969"]
[PlyCount "70"]
[EventDate "2012.09.30"]
[EventType "team-tourn"]
[EventRounds "7"]
[EventCountry "AUT"]
[SourceTitle "EXT 2022"]
[Source "ChessBase"]
[SourceDate "2021.10.06"]
[SourceVersion "1"]
[SourceVersionDate "2021.10.06"]
[SourceQuality "1"]

1. c4 Nf6 2. Nc3 g6 3. g3 Bg7 4. Bg2 0-0 5. Nf3 d6 6. 0-0 e5 7. d3 Nc6 8. e3 Ne8 9. a3 a5 10. Qc2 f5 11. Rb1 g5 12. Nd5 g4 13. Ne1 Nf6 14. b4 Ne7 15. Nxf6+ Rxf6 16. bxa5 c6 17. Bd2 Ng6 18. f4 h5 19. Bc3 Rf7 20. Rb6 h4 21. fxe5 hxg3 22. hxg3 dxe5 23. c5 Qg5 24. a6 f4 25. exf4 exf4 26. Bxg7 Kxg7 27. axb7 Bxb7 28. gxf4 Nxf4 29. Qb2+ Kg8 30. Rxb7 Qxc5+ 31. d4 Ne2+ 32. Qxe2 Qxd4+ 33. Rf2 Rxb7 34. Bxc6 g3 35. Bxb7 Qxf2+ 1/2-1/2